Human resource management / (Record no. 425)
[ view plain ]
| 000 -LEADER | |
|---|---|
| fixed length control field | 00915cam a22002532 4500 |
| 001 - CONTROL NUMBER | |
| control field | 0000002412 |
| 005 - DATE AND TIME OF LATEST TRANSACTION | |
| control field | 20151021151057.0 |
| 008 - FIXED-LENGTH DATA ELEMENTS--GENERAL INFORMATION | |
| fixed length control field | 070410s xx 000 0 eng d |
| 020 ## - INTERNATIONAL STANDARD BOOK NUMBER | |
| International Standard Book Number | 0324071515 : |
| Terms of availability | GBP 37.00 |
| 040 ## - CATALOGING SOURCE | |
| Original cataloging agency | KABU |
| Transcribing agency | KABU |
| 050 #0 - LIBRARY OF CONGRESS CALL NUMBER | |
| Classification number | HF5549 |
| Item number | .M38 2003 |
| 100 1# - MAIN ENTRY--PERSONAL NAME | |
| Personal name | Mathis, Robert L., |
| Dates associated with a name | 1944-. |
| -- | 0000151761 |
| 245 10 - TITLE STATEMENT | |
| Title | Human resource management / |
| Statement of responsibility, etc. | Robert L. Mathis, John H. Jackson. |
| 250 ## - EDITION STATEMENT | |
| Edition statement | 10th ed. |
| 260 ## - PUBLICATION, DISTRIBUTION, ETC. (IMPRINT) | |
| Place of publication, distribution, etc. | Mason, Ohio : |
| Name of publisher, distributor, etc. | Thomson/South-Western, |
| Date of publication, distribution, etc. | c2003. |
| 300 ## - PHYSICAL DESCRIPTION | |
| Extent | xxi, 650 p. : |
| Other physical details | col. ill. ; |
| Dimensions | 27 cm. |
| 500 ## - GENERAL NOTE | |
| General note | "Policies and practices advisor, user manual, student edition" inserted in pocket. |
| 504 ## - BIBLIOGRAPHY, ETC. NOTE | |
| Bibliography, etc | Includes bibliographical references and index. |
| 650 #0 - SUBJECT ADDED ENTRY--TOPICAL TERM | |
| Topical term or geographic name as entry element | Personnel management. |
| -- | 0000150761 |
| 700 1# - ADDED ENTRY--PERSONAL NAME | |
| Personal name | Jackson, John Harold. |
| -- | 0000137198 |
| 852 1# - LOCATION | |
| -- | p2560 KES |
| 908 ## - PUT COMMAND PARAMETER (RLIN) | |
| Put command parameter | 070410 |
| 950 ## - LOCAL HOLDINGS (RLIN) | |
| -- | 1 |
| Withdrawn status | Lost status | Source of classification or shelving scheme | Not for loan | Home library | Current library | Date acquired | Total Checkouts | Total Renewals | Full call number | Barcode | Date last seen | Date last checked out | Price effective from | Koha item type | Copy number |
|---|---|---|---|---|---|---|---|---|---|---|---|---|---|---|---|
| Library of Congress Classification | Kabarak, Main Campus | Kabarak, Main Campus | 21/10/2015 | HF5549 .M38 2003 c.1 | 20140 | 02/08/2024 | 21/10/2015 | General Collection | C.1 | ||||||
| Library of Congress Classification | Kabarak, Nakuru City Campus | Kabarak, Nakuru City Campus | 21/10/2015 | 12 | 5 | HF5549 .M38 2003 c.1 | 19150 | 20/07/2019 | 19/07/2019 | 21/10/2015 | General Collection | ||||
| Library of Congress Classification | Kabarak, Nakuru City Campus | Kabarak, Nakuru City Campus | 17/12/2015 | 5 | 1 | HF5549 .M38 2003 c. 2 | 010576 | 23/08/2022 | 26/08/2019 | 17/12/2015 | General Collection |